| 000 | 00358 a2200121 4500 | ||
|---|---|---|---|
| 000 | nam a22 7a 4500 | ||
| 005 | 20260515155346.0 | ||
| 020 | _a9781009567213 | ||
| 100 |
_a Apurba Chatterjee _91240185 |
||
| 245 | _aAn Empire of Images Visual Culture and the British in India, 1688–1815 | ||
| 260 |
_bCambridge University Press _c2025 |
||
| 942 | _cTEXL | ||
| 999 |
_c1851952 _d1851952 |
||